000 00336nam a2200133 a 4500
005 20140414132118.0
008 100520s19uu xx 00 eng d
050 _aREF 910.722
_bM35 2000
100 _aMarshall, David
245 _aExplorers.
260 _aLondon :
_bReed International,
_c1992.
650 _aExplorer
999 _c114966
_d114966